| 000 | 00000nam 2200000za 4500 |
| 001 | 9.636231 |
| 003 | CaOODSP |
| 005 | 20240624082220 |
| 007 | cr ||||||||||| |
| 008 | 150407s2009 oncad|||o f00| 0 fre d |
| 040 | |aCaOODSP|bfre |
| 043 | |an-cn--- |
| 086 | 1 |aCP22-92/2009F-PDF|zCP22-98/2008F-PDF |
| 245 | 00|aRapport du Groupe d'experts sur la planification intégrée des ressources humaines et des activités dans la fonction publique fédérale |h[ressource électronique]. |
| 260 | |bGroupe d'experts sur la planification intégrée des ressources humaines et des activités dans la fonction publique fédérale, Bureau du Conseil privé, |c[2009]. |
| 300 | |a38 p. : |bill. |
| 500 | |aPrésident: Tony Dean. Cf. Lettre d'acc. |
| 500 | |aPubl. aussi en anglais sous le titre: Report of the Expert Panel on Integrated Business and Human Resources Planning in the Federal Public Service. |
| 500 | |a« De meilleurs choix pour de meilleurs résultats. » |
| 504 | |aComprend des réferences bibliographiques. |
| 590 | |a09-10|b2009-03-06 |
| 692 | 07|2gccst|aPlan d'affaires |
| 692 | 07|2gccst |aAdministration publique |
| 692 | 07|2gccst |aFonction publique |
| 710 | 1 |aCanada. |bBureau du Conseil privé. |
| 710 | 1 |aCanada. |bGroupe d'experts sur la planification intégrées des ressources humaines et des activités dans la fonction publique fédérale. |
| 775 | 08|tReport of the Expert Panel on Integrated Business and Human Resources Planning in the Federal Public Service |w(CaOODSP)9.691936 |
| 856 | 40|ahttp://publications.gc.ca|qPDF|s740 Ko|uhttps://publications.gc.ca/collections/collection_2009/bcp-pco/CP22-92-2009F.pdf |
| 856 | 40|qPDF|s740 Ko|uhttps://publications.gc.ca/collections/collection_2011/bcp-pco/CP22-98-2008-fra.pdf |